Coastal oceanography of Washington and Oregon
Uloženo v:
| Hlavní autoři: | , |
|---|---|
| Médium: | Kniha |
| Jazyk: | angličtina |
| Vydáno: |
Amsterdam
Elsevier
1989
|
| Edice: | Elsevier Oceanography Series, 47
|
| Témata: | |
| Tagy: |
Přidat tag
Žádné tagy, Buďte první, kdo vytvoří štítek k tomuto záznamu!
|
MARC
| LEADER | 00000nam a2200000 a 4500 | ||
|---|---|---|---|
| 001 | UCV4889 | ||
| 003 | CL-VaPUC | ||
| 008 | 901004e19890000NE |||||||||||||||||eng|d | ||
| 082 | 0 | 4 | |a 551.46 |b LAN |2 21 |
| 100 | 0 | |a Landry, Michael R |e author |9 299064 | |
| 700 | 0 | |a Hickey, Bárbara M |e author |9 299065 | |
| 245 | 1 | 0 | |a Coastal oceanography of Washington and Oregon |
| 300 | |a 607 p | ||
| 942 | |c BK | ||
| 945 | |d 19901004 00:00:00 | ||
| 260 | |a Amsterdam |b Elsevier |c 1989 | ||
| 650 | 0 | |a Oceanografía |9 260014 | |
| 651 | 0 | |a Estados Unidos |9 255178 | |
| 583 | |a last modification |c 19901004 00:00:00 |k Rodrigo Vera | ||
| 490 | 0 | |a Elsevier Oceanography Series, 47 | |
| 999 | |c 211527 |d 211525 | ||
| 952 | |0 0 |1 0 |2 ddc |4 0 |6 551_460000000000000_LAN_1989 |7 0 |8 P |9 191084 |a BIBCUR |b BIBCUR |c PAC |d 2019-11-14 |i 2587130 |o 551.46 LAN 1989 |p 2587130 |r 2025-04-22 |w 2019-11-14 |y BK |k CIM | ||